MARC

LEADER 00000nam0a2200000 4500
001 363116
005 20231102011546.0
035 |a (RuTPU)RU\TPU\retro\20463 
090 |a 363116 
100 |a 20210920d1980 km y0rusy50 ca 
101 0 |a rus 
102 |a UA 
105 |a a z 001zy 
200 1 |a Дренаж с волокнистыми фильтрами  |f Н. Г. Пивовар, Н. Г. Бугай, В. А. Рычко  |g Академия наук Украинской ССР, Институт гидромеханики 
210 |a Киев  |c Наукова думка  |d 1980 
215 |a 215 с.  |c ил. 
320 |a Библиогр.: с. 208-212 
606 1 |a Дренаж  |x Гидрология  |2 stltpush  |3 (RuTPU)RU\TPU\subj\10164  |9 37287 
610 1 |a волокнистые фильтры 
610 1 |a волокнистые фильтрующие материалы 
610 1 |a кольматация 
610 1 |a химическая стойкость 
610 1 |a грунтовые воды 
610 1 |a стеклянные волокна 
610 1 |a водоизолирующие свойства 
610 1 |a волны 
610 1 |a конструкции 
610 1 |a эффективность 
675 |a 626.86  |v 4 
700 1 |a Пивовар  |b Н. Г.  |g Николай Григорьевич 
701 1 |a Бугай  |b Н. Г.  |g Николай Григорьевич 
701 1 |a Рычко  |b В. А.  |g Валентина Андреевна 
712 0 2 |a Академия наук Украинской ССР  |b Институт гидромеханики  |2 stltpush  |3 (RuTPU)RU\TPU\col\7884  |9 24404 
801 1 |a RU  |b 63413507  |c 20210920 
942 |c BK